000 00650nam a2200145Ia 4500
008 171212s9999 xx 000 0 und d
020 _a9780813588049
100 _aHunleth, Jean
245 _cHunleth, Jean
_aChildren as Caregivers
_bThe Global Fight Against Tuberculosis and HIV in Zambia
260 _bRutgers University Press
_c2017
440 _aRutgers Series in Childhood Studies
650 _aAnthropology
650 _aChild caregivers -- Zambia; AIDS (Disease) -- Patients -- Home care -- Zambia; HIV-positive persons -- Home care -- Zambia; Tuberculosis -- Patients -- Home care -- Zambia
856 _uhttp://jstor.org/stable/j.ctt1m320x6
999 _c352832
_d352832